000 01077nam0a22002531 4500
001 rc\773313
005 20040301143038.4
035 _a(NLR Aleph) 006299774
090 _a7238881
_c7238881
100 _a20040301d1984 u |0rusy50 ca
101 0 _arus
102 _aRU
105 _ay |||||||||
200 1 _aАктуальные вопросы рентгенодиагностики и лучевой терапии
_eТез. докл.
_f[Под ред. Г.И. Володиной]
210 _aКазань
_cБ. и.
_d1984
215 _a47 с.
_d20
300 _aВ надзаг.: М-во здравоохранения СССР, Респ. онкол. диспансер, Науч. о-во рентгенологов-радиологов ТАССР
702 1 _aВолодина
_bГ. И.
_gГалина Ивановна
_4340
712 0 2 _aТатарский респ. онкологический диспансер
_cКазань
_3RU\NLR\AUTH\889994623
801 0 _aRU
_bNLR
_gpsbo
801 1 _aRU
_bELAR
_2rusmarc
852 _aNLR
_j84-4/21659
942 _cBOOK
980 _aNB